Energie rinnovabili & diritti umani (Registro nro. 170549)

Detalles MARC
000 -LEADER
fixed length control field 03004nam a22002537a 4500
007 - PHYSICAL DESCRIPTION FIXED FIELD--GENERAL INFORMATION
fixed length control field cr|||| ||||
008 - FIXED-LENGTH DATA ELEMENTS--GENERAL INFORMATION
fixed length control field 210908s2020 it |||||s|||| 00||0 ita d
020 ## - INTERNATIONAL STANDARD BOOK NUMBER
International Standard Book Number 978-84-1377-299-8
035 ## -
-- 33519
040 ## - CATALOGING SOURCE
Original cataloging agency vLex
090 ## -
-- 12313
-- 12313
100 1# - MAIN ENTRY--PERSONAL NAME
Personal name Proietti, Elena
245 10 - TITLE STATEMENT
Title Energie rinnovabili & diritti umani
Medium [Recurso electrónico] :
Remainder of title Verso un nuovo futuro /
Statement of responsibility, etc Elena Proietti
256 ## -
-- Servicio en línea
260 ## - PUBLICATION, DISTRIBUTION, ETC. (IMPRINT)
Place of publication, distribution, etc Madrid:
Name of publisher, distributor, etc Dykinson,
Date of publication, distribution, etc 2020
300 ## - PHYSICAL DESCRIPTION
Extent 1 recurso electrónico
500 ## - GENERAL NOTE
General note Il riconoscimento giuridico della correlazione tra tutela della salute e diritti umani, da una parte, e diritto a vivere in un ambiente salubre, non minacciato nel futuro dagli effetti del cambiamento climatico, dall’altra, si sta già verificando a tutti i livelli, da quello internazionale e comunitario, a quello nazionale, regionale e locale. Sembrerebbe, tuttavia, che le iniziative relative alla mitigazione (e adattamento) degli effetti del cambiamento climatico provenienti dal «basso» si siano dimostrate, fino a oggi, molto più efficaci e rapide rispetto a quelle provenienti dall’ «alto», rallentate da compromessi di tipo economico e politico che continuano a procrastinare sine die il momento di produrre un accordo giuridico vincolante, a livello globale, non più rinviabile o emendabile. Ai fini della realizzazione del diritto alla salute di ogni individuo, inoltre, è ormai fondamentale garantire l’accesso all’energia, indispensabile sia per qualsiasi forma di cura e assistenza sanitaria, che per i bisogni primari quali l’accesso all’acqua, al cibo e all’igiene. In seguito alle scoperte scientifiche relative al cambiamento climatico, tuttavia, parlare di diritto all’accesso all’energia non potrà che sottintendere l’accesso all’energia «pulita» e, quindi, rinnovabile, in grado di garantire la tutela di diritti che l’utilizzo di combustibili fossili sta minacciando gravemente. Solo lo sfruttamento delle energie rinnovabili soddisferebbe, infatti, l’esigenza generale di accesso all’energia e al suo utilizzo, nonché la salvaguardia dei diritti umani generalmente riconosciuti. Per tali ragioni sarà importante evidenziare le origini della materia sulle energie rinnovabili, i suoi sviluppi a livello giuridico e approfondire le concrete azioni che sono state adottate, fino a giungere alla proposta inedita, ispirata dalla sentenza Olanda vs Urgenda Foundation, del riconoscimento di un nuovo diritto umano: l'accesso all'energia rinnovabile.
506 1# - RESTRICTIONS ON ACCESS NOTE
Terms governing access Disponible solo en los productos indicados
Authorized users vLex Global
-- vLex Global (Academic Edition, excluding Law Schools)
-- vLex Global (U.S. Academic Edition, Law Schools)
-- vLex Global (U.S. Academic Edition, excluding Law Schools)
-- vLex Global (Academic Edition, Law Schools)
650 04 - SUBJECT ADDED ENTRY--TOPICAL TERM
Topical term or geographic name as entry element Derecho del Medio Ambiente
Geographic subdivision Italia
740 0# -
-- vLex Libros (Servicio en línea)
856 40 - LOCALIZACIÓN Y ACCESO ELECTRÓNICO
Identificador Uniforme del Recurso (URI/URL) https://app.vlex.com/#/sources/33519
942 ## -
-- RAA
999 ## -
-- 170549
-- 170549

No hay ítems disponibles.


CONTACTO


NOSOTROS


SITIOS DE INTERES

coordinacion.biblioteca.biblioteca@unienlinea.mx Misión, Visión y Objetivos Bases de datos
Directorio Bibliotecas Digitales y Repositorios
Normatividad Revistas y artículos
Convenios interbibliotecarios
Boletines



Hecho en México. Universidad Insurgentes (UIN). Todos los derechos reservados 2024. Esta página y sus contenidos pueden ser reproducidos con fines no lucrativos, siempre y cuando no se mutile, se cite la fuente completa y su dirección electrónicas. De otra forma requiere permiso previo por escrito de la institución




2024 Copyright Universidad Insurgentes | www.bibliouin.com.mx